00605cam a22002171 4500001001300000003000400013005001700017008004100034010001700075025001700092035002000109040003600129042001200165050001900177100002500196245005800221260005300279300001900332500001900351999001700370ne 62000970 DLC20260227111736.0900612s1961 ua 000 1 ararc ane 62000970  aPL480:UAR-15 a(OCoLC)21793540 aPrinceton Univ. Libr.cWaUdDLC apremarc00aPJ7862.H25bS41 aSharīf, Ṭāhir.10aShumūʻ wa-ẓilāl,cbi-qalam Ṭāhir Sharīf. aal-Qāhirah,bMuʼassasat al-Khānjī,c1961. a212 p.c19 cm. aShort stories. c45167d45167